Catálogo

Las mujeres que aman demasiado/ (Registro nro. 53668)

Detalles MARC
000 -LEADER
fixed length control field 01454nam a2200361 i 4500
001 - CONTROL NUMBER
control field 53668
003 - CONTROL NUMBER IDENTIFIER
control field Mx-PuUPA
005 - DATE AND TIME OF LATEST TRANSACTION
control field 20250613123018.0
008 - FIXED-LENGTH DATA ELEMENTS--GENERAL INFORMATION
fixed length control field 140415s2022 mx a gr 001 0 spa d
020 ## - INTERNATIONAL STANDARD BOOK NUMBER
International Standard Book Number 9786073822671
040 ## - CATALOGING SOURCE
Original cataloging agency Mx-PuUPA
Language of cataloging spa
Transcribing agency Mx-PuUPA
Modifying agency Mx-PuUPA
Description conventions rda
041 1# - LANGUAGE CODE
Language code of text/sound track or separate title spa
Language code of original eng
100 1# - MAIN ENTRY--PERSONAL NAME
Personal name Norwood, Robin,
Relator term autor
9 (RLIN) 2949
240 10 - UNIFORM TITLE
Uniform title Women who love too much.
Language of a work Español
245 14 - TITLE STATEMENT
Title Las mujeres que aman demasiado/
Statement of responsibility, etc. Robin Norwood ; traducción, Nora Escoms
264 #1 - PRODUCTION, PUBLICATION, DISTRIBUTION, MANUFACTURE, AND COPYRIGHT NOTICE
Place of production, publication, distribution, manufacture Ciudad de México :
Name of producer, publisher, distributor, manufacturer B de Bolsillo,
Date of production, publication, distribution, manufacture, or copyright notice 2022
300 ## - PHYSICAL DESCRIPTION
Extent 326 páginas :
Other physical details ilustraciones ;
Dimensions 23 cm
336 ## - CONTENT TYPE
Fuente rdacontent
Content type term texto
Content type code txt
337 ## - MEDIA TYPE
Source rdamedia
Media type term sin medio
Media type code n
338 ## - CARRIER TYPE
Source rdacarrier
Carrier type term volumen
Carrier type code nc
500 ## - GENERAL NOTE
General note Reimpresiones: (primera reimpresión, febrero, 2023 ; segunda reimpresión, marzo, 2023 , tercera reimpresión, mayo, 2023 ; cuarta reimpresión, julio, 2023)
650 #7 - SUBJECT ADDED ENTRY--TOPICAL TERM
Source of heading or term armarc
Topical term or geographic name entry element Amor
General subdivision Aspectos psicológicos
650 #7 - SUBJECT ADDED ENTRY--TOPICAL TERM
Source of heading or term armarc
Topical term or geographic name entry element Adicción a las relaciones
General subdivision Tratamiento
650 #7 - SUBJECT ADDED ENTRY--TOPICAL TERM
Source of heading or term armarc
Topical term or geographic name entry element Psicología de la mujer
650 #7 - SUBJECT ADDED ENTRY--TOPICAL TERM
Source of heading or term armarc
Topical term or geographic name entry element Mujeres
General subdivision Salud mental
650 #7 - SUBJECT ADDED ENTRY--TOPICAL TERM
Source of heading or term armarc
Topical term or geographic name entry element Psicoterapia de grupo
700 1# - ADDED ENTRY--PERSONAL NAME
Personal name Escoms, Nora,
Relator term traductor
765 1# - ORIGINAL LANGUAGE ENTRY
Main entry heading Norwood, Robin
Title Women who love too much
942 ## - ADDED ENTRY ELEMENTS (KOHA)
Source of classification or shelving scheme Dewey Decimal Classification
Koha item type Libro
Classification part 155.333
Item part N8218
Existencias
Withdrawn status Lost status Source of classification or shelving scheme Damaged status Not for loan Collection code Home library Current library Shelving location Date acquired Source of acquisition Cost, normal purchase price Total Checkouts Total Renewals Full call number Barcode Checked out Date last seen Date last checked out Cost, replacement price Price effective from Koha item type
    Dewey Decimal Classification     General Biblioteca Karol Wojtyla Biblioteca Karol Wojtyla Sala general 22/05/2025 11 362.76 5 3 155.333 N8218 2022 106041 19/06/2026 25/05/2026 25/05/2026 362.76 22/05/2025 Libro